Bandiera Casuale per Paese - Statistics

Statistiche generali
  • Questo quiz è stato fatto 24.296 volte
  • Il punteggio medio è 15 su 20
Statistiche sulle risposte
con Immagini Risposta % Corretto
Albania
93%
Argentina
93%
Francia
93%
Giappone
93%
Spagna
93%
Svizzera
93%
Cina
92%
Germania
92%
Norvegia
92%
Belgio
91%
Canada
91%
Grecia
91%
India
91%
Israele
91%
Italia
91%
Messico
91%
Russia
91%
Stati Uniti
91%
Svezia
91%
Cipro
90%
Corea del Sud
90%
Croazia
90%
Egitto
90%
Iran
90%
Irlanda
90%
Marocco
90%
Polonia
90%
Portogallo
90%
Regno Unito
90%
Repubblica Ceca
90%
Turchia
90%
Ucraina
90%
Australia
89%
Brasile
89%
Città del Vaticano
89%
Finlandia
89%
Macedonia del Nord
89%
Paesi Bassi
89%
Romania
89%
Sudafrica
89%
Arabia Saudita
88%
Bosnia ed Erzegovina
88%
Danimarca
88%
Estonia
88%
Nigeria
88%
San Marino
88%
Austria
87%
Moldavia
87%
Serbia
87%
Tunisia
87%
Venezuela
87%
Cile
86%
Giamaica
86%
Islanda
86%
Kosovo
86%
Pakistan
86%
Slovacchia
86%
Ungheria
86%
Bulgaria
85%
Colombia
85%
Corea del Nord
85%
Georgia
85%
Libano
85%
Montenegro
85%
Nepal
85%
Qatar
85%
Slovenia
85%
Vietnam
85%
Algeria
84%
Nuova Zelanda
84%
Perù
84%
Uruguay
84%
Bielorussia
83%
Cuba
83%
Bangladesh
82%
Kenya
82%
Lettonia
82%
Lussemburgo
82%
Malta
82%
Costa d'Avorio
81%
Kazakistan
81%
Panama
81%
Monaco
80%
Armenia
79%
Lituania
79%
Thailandia
79%
Andorra
78%
Angola
78%
Iraq
78%
Malesia
78%
Senegal
78%
Sri Lanka
78%
Ecuador
77%
Indonesia
77%
Singapore
77%
Somalia
77%
Bhutan
76%
Filippine
76%
Mongolia
76%
Siria
76%
Ghana
75%
Azerbaijan
74%
Barbados
74%
Cambogia
74%
Etiopia
74%
Honduras
74%
Uganda
74%
Camerun
73%
Emirati Arabi Uniti
73%
Costa Rica
72%
Liechtenstein
72%
Repubblica Dominicana
72%
Uzbekistan
72%
Paraguay
71%
Seychelles
71%
Laos
69%
Taiwan
69%
Ciad
68%
Liberia
68%
Maldive
67%
Repubblica Democratica del Congo
67%
Turkmenistan
67%
Libia
66%
Bahrain
65%
Mali
65%
Santa Lucia
65%
Burkina Faso
64%
El Salvador
64%
Lesotho
64%
Burundi
63%
Guatemala
63%
Madagascar
63%
Niger
63%
Palau
63%
Gabon
62%
Giordania
62%
Papua Nuova Guinea
62%
Tanzania
62%
Botswana
61%
Bahamas
60%
Brunei
60%
Figi
60%
Kuwait
60%
Oman
60%
Stati Federati di Micronesia
60%
Yemen
60%
Zambia
60%
Capo Verde
59%
Haiti
59%
Mozambico
59%
Nicaragua
59%
Trinidad e Tobago
59%
Afghanistan
58%
Antigua e Barbuda
58%
Birmania
58%
Mauritania
58%
Swaziland
58%
Sierra Leone
57%
Sudan
57%
Togo
57%
Tonga
57%
Belize
56%
Bolivia
56%
Eritrea
56%
Kiribati
56%
Repubblica Centrafricana
56%
Suriname
56%
Kirghizistan
55%
Malawi
55%
Repubblica del Congo
55%
Tagikistan
55%
Timor Est
55%
Dominica
54%
Benin
52%
Comoros
52%
Grenada
52%
Zimbabwe
52%
Guyana
50%
Sud Sudan
50%
Gambia
49%
Gibuti
49%
Guinea Equatoriale
49%
Isole Marshall
49%
Mauritius
49%
Nauru
49%
Samoa
49%
Guinea
48%
Ruanda
48%
Sao Tome e Principe
48%
Tuvalu
47%
Namibia
46%
Saint Kitts e Nevis
45%
Saint Vincent e Grenadine
45%
Guinea-Bissau
44%
Vanuatu
43%
Isole Salomone
41%
Nessun quiz corrispondente trovato
Distribuzione punteggi
Percentuale di utenti per punteggio
Percentile per numero di risposta
I tuoi punteggi nel tempo
Non hai fatto questo quiz